[Event "Olympiad-39"]
[Site "Khanty-Mansiysk"]
[Date "2010.09.28"]
[Round "7.4"]
[White "Ovalle Burgos, Ramon"]
[Black "Bitoon, Richard"]
[Result "1/2-1/2"]
[WhiteElo "2201"]
[BlackElo "2447"]
[PlyCount "73"]
[EventDate "2010.09.21"]
[EventType "team-swiss"]
[EventRounds "11"]
[EventCountry "RUS"]
[SourceTitle "CBM 139"]
[Source "ChessBase"]
[SourceDate "2010.11.18"]
[SourceVersion "1"]
[SourceVersionDate "2010.11.18"]
[SourceQuality "1"]
[WhiteTeam "Puerto Rico"]
[BlackTeam "Philippines"]
[WhiteTeamCountry "PUR"]
[BlackTeamCountry "PHI"]

1. d4 Nf6 2. c4 e6 3. Nf3 b6 4. g3 Ba6 5. Qa4 Bb7 6. Bg2 c5 7. Be3 Be7 8. 0-0 0-0 9. Nc3 Ng4 10. Rad1 Nxe3 11. fxe3 d6 12. d5 e5 13. Nxe5 Bg5 14. Nc6 Bxe3+ 15. Kh1 Qd7 16. Rd3 Bh6 17. Ne4 Qc7 18. g4 Nxc6 19. dxc6 Bxc6 20. Nf6+ gxf6 21. Bxc6 Rac8 22. Bd5 Rce8 23. Rxf6 Kg7 24. Rxf7+ Rxf7 25. Qxe8 Rf1+ 26. Kg2 Rf8 27. Qe6 Bg5 28. Be4 Rf6 29. Qd5 h6 30. Bf5 Bf4 31. Rf3 Be5 32. b3 Qe7 33. h4 Rf8 34. Kh3 Bf6 35. Be4 Bxh4 36. Rxf8 Kxf8 37. Qf5+ 1/2-1/2

[Event "Olympiad-39"]
[Site "Khanty-Mansiysk"]
[Date "2010.09.25"]
[Round "5.1"]
[White "Isaev, Jamshed"]
[Black "Ovalle Burgos, Ramon"]
[Result "1-0"]
[WhiteElo "2382"]
[BlackElo "2201"]
[PlyCount "80"]
[EventDate "2010.09.21"]
[EventType "team-swiss"]
[EventRounds "11"]
[EventCountry "RUS"]
[SourceTitle "CBM 139"]
[Source "ChessBase"]
[SourceDate "2010.11.18"]
[SourceVersion "1"]
[SourceVersionDate "2010.11.18"]
[SourceQuality "1"]
[WhiteTeam "Tajikistan"]
[BlackTeam "Puerto Rico"]
[WhiteTeamCountry "TJK"]
[BlackTeamCountry "PUR"]

1. e4 c5 2. Nf3 e6 3. d4 cxd4 4. Nxd4 Nc6 5. Nc3 Qc7 6. Be3 a6 7. a3 Nf6 8. Bd3 Nxd4 9. Bxd4 Bc5 10. Be2 e5 11. Bxc5 Qxc5 12. Qd3 b5 13. 0-0-0 Bb7 14. g4 Rd8 15. g5 Ng8 16. Qd6 Qxd6 17. Rxd6 Ne7 18. Rhd1 Nc8 19. R6d2 Nb6 20. b3 h6 21. g6 f6 22. Bg4 Ke7 23. a4 b4 24. Rd6 Bc6 25. Ne2 h5 26. Bxd7 Rxd7 27. Rxc6 Rxd1+ 28. Kxd1 Rd8+ 29. Kc1 Rd6 30. Rxd6 Kxd6 31. Ng3 Ke7 32. Nxh5 Kf8 33. Ng3 Nd7 34. c3 bxc3 35. Kc2 Nc5 36. Kxc3 Ne6 37. h4 Nf4 38. h5 Nh3 39. b4 Nxf2 40. b5 Nxe4+ 1-0

[Event "PUR-ch"]
[Site "Caguas"]
[Date "2009.07.24"]
[Round "8"]
[White "Berrios Echevarria, Gabriel"]
[Black "Ovalle Burgos, Ramon"]
[Result "1-0"]
[WhiteElo "2161"]
[BlackElo "2148"]
[PlyCount "109"]
[EventDate "2009.07.11"]
[EventType "tourn"]
[EventRounds "11"]
[EventCountry "PUR"]
[EventCategory "11"]
[SourceTitle "CBM 131 Extra"]
[Source "ChessBase"]
[SourceDate "2009.09.03"]
[SourceVersion "2"]
[SourceVersionDate "2009.09.16"]
[SourceQuality "1"]

1. d4 Nf6 2. c4 c5 3. Nf3 cxd4 4. Nxd4 Nc6 5. Nc3 d6 6. g3 Qb6 7. Nxc6 Qxc6 8. Qa4 Bd7 9. Qxc6 Bxc6 10. f3 a6 11. e4 e6 12. Be3 d5 13. cxd5 exd5 14. exd5 Nxd5 15. Nxd5 Bxd5 16. Kf2 Rc8 17. Bd3 Be7 18. Bf5 Rc5 19. Rhd1 Be6 20. Be4 Rc7 21. Rac1 Rxc1 22. Rxc1 0-0 23. b3 Bc8 24. Bc5 Bxc5+ 25. Rxc5 Rd8 26. Ke3 Kf8 27. Rc7 b5 28. f4 g6 29. Bc6 h5 30. Ra7 Rd6 31. Be4 f5 32. Bf3 Ke8 33. Rc7 Kd8 34. Rc5 Be6 35. Rc6 Kd7 36. Rc2 a5 37. Rc5 Rb6 38. Be2 a4 39. Rxb5 Rd6 40. bxa4 Bxa2 41. a5 Bd5 42. Bd3 Kc7 43. Rc5+ Kb8 44. Be2 Be4 45. Rb5+ Ka7 46. Re5 Rd7 47. Re6 Rd5 48. a6 Ra5 49. Rxg6 Ra3+ 50. Kd4 Ra2 51. Bc4 Rxh2 52. Kc5 h4 53. Rg7+ Kb8 54. Kb6 Kc8 55. Bb5 1-0

[Event "PUR-ch"]
[Site "Caguas"]
[Date "2009.07.17"]
[Round "4"]
[White "Sotelo Kohama, Daniel"]
[Black "Ovalle Burgos, Ramon"]
[Result "0-1"]
[WhiteElo "2173"]
[BlackElo "2148"]
[PlyCount "82"]
[EventDate "2009.07.11"]
[EventType "tourn"]
[EventRounds "11"]
[EventCountry "PUR"]
[EventCategory "11"]
[SourceTitle "CBM 131 Extra"]
[Source "ChessBase"]
[SourceDate "2009.09.03"]
[SourceVersion "2"]
[SourceVersionDate "2009.09.16"]
[SourceQuality "1"]

1. d4 d5 2. c4 c6 3. Nc3 Nf6 4. Nf3 a6 5. e3 b5 6. cxd5 cxd5 7. Bd3 Bb7 8. 0-0 e6 9. a4 b4 10. Na2 Nbd7 11. Bd2 a5 12. Ne5 Bd6 13. f4 0-0 14. Nc1 Ne4 15. Bb5 Nb6 16. b3 Rc8 17. Ne2 f6 18. Nf3 Qc7 19. Rc1 Qb8 20. Bd3 Qa8 21. Ng3 Rxc1 22. Qxc1 Rc8 23. Qb1 f5 24. Ne2 Ba6 25. Rc1 h6 26. Rxc8+ Qxc8 27. Bxa6 Qxa6 28. Nc1 Nd7 29. Qd3 Qc6 30. Ne2 g5 31. g3 Kf7 32. Be1 g4 33. Ne5+ Bxe5 34. dxe5 Ndc5 35. Qc2 Qa6 36. Nd4 Qd3 37. Qc1 Nc3 38. Qb2 Qxe3+ 39. Bf2 Qd3 40. Nxf5 Qd1+ 41. Kg2 Nd3 0-1

[Event "Olympiad-37"]
[Site "Turin"]
[Date "2006.06.04"]
[Round "13"]
[White "Medina, Miguel"]
[Black "Ovalle Burgos, Ramon"]
[Result "1-0"]
[WhiteElo "2398"]
[BlackElo "2174"]
[PlyCount "139"]
[EventDate "2006.05.21"]
[EventType "team-swiss"]
[EventRounds "13"]
[EventCountry "ITA"]
[SourceTitle "CBM 113"]
[Source "ChessBase"]
[SourceDate "2006.07.31"]
[SourceVersion "1"]
[SourceVersionDate "2006.07.31"]
[SourceQuality "1"]
[WhiteTeam "Ecuador"]
[BlackTeam "Puerto Rico"]
[WhiteTeamCountry "ECU"]
[BlackTeamCountry "PUR"]

1. Nf3 d5 2. c4 c6 3. Qc2 Nf6 4. g3 g6 5. Bg2 Bg7 6. 0-0 0-0 7. b3 Na6 8. Bb2 dxc4 9. Qxc4 Be6 10. Qc1 Qc8 11. Re1 Bh3 12. Bh1 h6 13. d3 Rd8 14. Nbd2 Nb4 15. Nc4 Nbd5 16. a3 Nb6 17. Nce5 Nbd7 18. Nc4 Nb6 19. Qc2 Nxc4 20. bxc4 Qf5 21. Rab1 Rd7 22. a4 Rad8 23. Bc3 Ng4 24. Bxg7 Kxg7 25. Bg2 Bxg2 26. Kxg2 Qc5 27. d4 Qa5 28. e3 e6 29. c5 Re7 30. Rec1 h5 31. h3 Nh6 32. Qc3 Qxc3 33. Rxc3 f6 34. Rcb3 Rdd7 35. a5 Nf7 36. a6 Nd8 37. Ra1 g5 38. g4 hxg4 39. hxg4 Kg6 40. axb7 Rxb7 41. Rba3 Nf7 42. Ra6 Rbc7 43. Kg3 Kg7 44. Rb1 Rc8 45. Rb4 Rd7 46. Rba4 Rcc7 47. Nd2 Kg6 48. Nc4 Kg7 49. Na5 Nd8 50. Kf3 Kg6 51. Ke4 Rh7 52. Rb4 Rhd7 53. Rb8 Kf7 54. Nc4 Kg6 55. Nd6 Nf7 56. Ne8 Rb7 57. Rxb7 Rxb7 58. Rxc6 Re7 59. Nd6 Nxd6+ 60. Rxd6 Kf7 61. Ra6 Rd7 62. Kd3 Ke7 63. Kc4 Rc7 64. e4 Rb7 65. d5 exd5+ 66. exd5 Rb2 67. Rxa7+ Kd8 68. c6 Rc2+ 69. Kd4 Rd2+ 70. Kc5 1-0

[Event "Olympiad-37"]
[Site "Turin"]
[Date "2006.05.24"]
[Round "4"]
[White "Ovalle Burgos, Ramon"]
[Black "Bayarmandakh, Balgan"]
[Result "0-1"]
[WhiteElo "2174"]
[BlackElo "2042"]
[PlyCount "128"]
[EventDate "2006.05.21"]
[EventType "team-swiss"]
[EventRounds "13"]
[EventCountry "ITA"]
[SourceTitle "CBM 113"]
[Source "ChessBase"]
[SourceDate "2006.07.31"]
[SourceVersion "1"]
[SourceVersionDate "2006.07.31"]
[SourceQuality "1"]
[WhiteTeam "Puerto Rico"]
[BlackTeam "Mongolia"]
[WhiteTeamCountry "PUR"]
[BlackTeamCountry "MGL"]

1. e4 e5 2. Nf3 Nc6 3. Bb5 a6 4. Ba4 Nf6 5. 0-0 Be7 6. Re1 b5 7. Bb3 d6 8. c3 0-0 9. h3 Na5 10. Bc2 c5 11. d4 Qc7 12. Nbd2 cxd4 13. cxd4 Nc6 14. Nf1 exd4 15. Bd2 Qb6 16. Ng3 Ne5 17. Nf5 Bxf5 18. exf5 Nfd7 19. Bf4 Nxf3+ 20. Qxf3 Bf6 21. g4 Be5 22. Bd2 Rac8 23. Bb1 d3 24. Bxd3 Bxb2 25. Rab1 Ne5 26. Qe2 Bd4 27. Be4 Rcd8 28. a4 d5 29. Bg2 Nc4 30. Bg5 f6 31. Bh4 Kh8 32. axb5 axb5 33. Qe6 Qc5 34. Qe7 Qxe7 35. Rxe7 b4 36. Rd1 Be5 37. Rb7 Rb8 38. Rxb8 Rxb8 39. Bxd5 Rd8 40. Rc1 Nd2 41. Bg3 Bxg3 42. fxg3 b3 43. Bxb3 Nxb3 44. Rc7 h6 45. Kf2 Re8 46. Rd7 Nc5 47. Rd5 Ne4+ 48. Kf3 Ng5+ 49. Kg2 Re2+ 50. Kf1 Ra2 51. h4 Ne4 52. Rd3 Kh7 53. Re3 Nd2+ 54. Kg1 Nc4 55. Re4 Ne5 56. Rf4 Rc2 57. Kf1 Kg8 58. Ra4 Rc4 59. Ra8+ Kh7 60. g5 hxg5 61. hxg5 fxg5 62. Re8 Ng4 63. Kg2 Rc5 64. Kf3 Nf6 0-1

[Event "Santo Domingo op"]
[Site "Santo Domingo"]
[Date "2005.11.26"]
[Round "3"]
[White "Estrada Nieto, Julian"]
[Black "Ovalle Burgos, Ramon"]
[Result "1/2-1/2"]
[WhiteElo "2351"]
[BlackElo "2195"]
[PlyCount "54"]
[EventDate "2005.11.24"]
[EventType "swiss"]
[EventRounds "9"]
[EventCountry "DOM"]
[SourceTitle "CBM 109 Extra"]
[Source "ChessBase"]
[SourceDate "2006.01.03"]
[SourceVersion "2"]
[SourceVersionDate "2006.01.03"]
[SourceQuality "1"]

1. e4 e5 2. Nf3 Nc6 3. Bb5 Nf6 4. d3 d6 5. c3 Bd7 6. 0-0 g6 7. Nbd2 Bg7 8. Re1 0-0 9. Nf1 a6 10. Ba4 b5 11. Bc2 a5 12. Ng3 Qc8 13. h3 a4 14. a3 Na5 15. d4 Re8 16. Rb1 h6 17. Kh2 Nh7 18. Bd3 Nf8 19. Be3 Ne6 20. dxe5 dxe5 21. Nd2 c5 22. Bc2 c4 23. Ne2 Qc7 24. Kg1 Rad8 25. Qc1 Nb3 26. Bxb3 axb3 27. Nf1 Nc5 1/2-1/2

[Event "Santo Domingo op"]
[Site "Santo Domingo"]
[Date "2005.11.24"]
[Round "1"]
[White "Bonani, Georg"]
[Black "Ovalle Burgos, Ramon"]
[Result "0-1"]
[WhiteElo "1897"]
[BlackElo "2195"]
[PlyCount "98"]
[EventDate "2005.11.24"]
[EventType "swiss"]
[EventRounds "9"]
[EventCountry "DOM"]
[SourceTitle "CBM 109 Extra"]
[Source "ChessBase"]
[SourceDate "2006.01.03"]
[SourceVersion "2"]
[SourceVersionDate "2006.01.03"]
[SourceQuality "1"]

1. e4 c5 2. Nf3 e6 3. d4 cxd4 4. Nxd4 a6 5. Be2 Nf6 6. Nc3 Qc7 7. 0-0 Nc6 8. Be3 Bb4 9. Na4 Be7 10. Nxc6 bxc6 11. Nb6 Rb8 12. Nxc8 Qxc8 13. Bd4 c5 14. Bc3 0-0 15. Bf3 d6 16. Re1 Nd7 17. b3 Rd8 18. Qd2 Bf6 19. Bxf6 Nxf6 20. c4 Qc7 21. Rad1 e5 22. Re3 h6 23. Rd3 Rb6 24. Kh1 Ne8 25. Rd5 Ra8 26. Rd3 a5 27. Rb1 a4 28. Bd1 Qc6 29. f3 Nc7 30. Qc2 Rab8 31. Qc3 Ne6 32. Kg1 Nd4 33. Kf2 Qa8 34. Rd2 Qa7 35. Rdb2 axb3 36. Bxb3 Qa3 37. Ke3 Rb4 38. Kd3 Kh7 39. Ke3 g6 40. g4 Qa7 41. Kf2 Qe7 42. Qe3 Qh4+ 43. Kg2 h5 44. h3 Ne6 45. Rh1 Kg7 46. Kg1 Nf4 47. Rbh2 Qg3+ 48. Kf1 Rxc4 49. Qf2 Rc1+ 0-1

[Event "Olympiad-36"]
[Site "Mallorca"]
[Date "2004.10.26"]
[Round "11"]
[White "Ovalle Burgos, Ramon"]
[Black "Dukaczewski, Piotr"]
[Result "1-0"]
[WhiteElo "2184"]
[BlackElo "2366"]
[PlyCount "173"]
[EventDate "2004.10.15"]
[EventType "team-swiss"]
[EventRounds "14"]
[EventCountry "ESP"]
[SourceTitle "CBM 104"]
[Source "ChessBase"]
[SourceDate "2005.01.27"]
[SourceVersion "1"]
[SourceVersionDate "2005.01.27"]
[SourceQuality "1"]
[WhiteTeam "Puerto Rico"]
[BlackTeam "IBCA"]
[WhiteTeamCountry "PUR"]

1. c4 g6 2. Nc3 Bg7 3. d4 d6 4. g3 f5 5. Bg2 Nf6 6. Nh3 0-0 7. d5 Nbd7 8. 0-0 a5 9. Nf4 Nc5 10. Be3 Rb8 11. a3 e5 12. dxe6 Nxe6 13. Nxe6 Bxe6 14. Nd5 b5 15. Ba7 bxc4 16. Bxb8 Qxb8 17. Nxf6+ Bxf6 18. Bd5 Bf7 19. Rb1 Qb3 20. Qd2 a4 21. Rfc1 Qb5 22. Rd1 Rb8 23. Rbc1 Bxd5 24. Qxd5+ Qxd5 25. Rxd5 Bxb2 26. Rxc4 Bxa3 27. Rxa4 Bc5 28. Rd2 Kf7 29. h4 Ke6 30. Kg2 Bb4 31. Rc2 Rb7 32. h5 c5 33. Ra6 gxh5 34. Rc4 Rc7 35. Rb6 Bd2 36. e3 Rc8 37. Rb7 Kd5 38. Rc2 Ba5 39. Rxh7 c4 40. Rxh5 Ke4 41. g4 c3 42. Rxf5 d5 43. Rf4+ Kd3 44. Ra2 Bb6 45. Rf5 d4 46. exd4 c2 47. Rxc2 Rxc2 48. d5 Ke4 49. d6 Rd2 50. Rf6 Bc5 51. d7 Rxd7 52. Rf5 Bd4 53. f3+ Ke3 54. Kg3 Bc3 55. g5 Rd1 56. Kg2 Rd6 57. Rc5 Bd4 58. Rf5 Re6 59. Kg3 Be5+ 60. Kg4 Bc3 61. Rc5 Bd4 62. Rc1 Kd2 63. Rb1 Be3 64. Rb5 Kd3 65. Kf5 Re8 66. Kg4 Kc4 67. Rf5 Bd4 68. f4 Kd3 69. g6 Re1 70. Rf8 Rg1+ 71. Kf5 Ke3 72. Rd8 Bc3 73. Rb8 Bd4 74. Rb3+ Ke2 75. Ke4 Bg7 76. f5 Kf2 77. Kd5 Re1 78. Rb7 Bh8 79. g7 Bxg7 80. Rxg7 Ra1 81. f6 Ra5+ 82. Ke6 Ra6+ 83. Kf5 Kf3 84. f7 Ra5+ 85. Kg6 Ra6+ 86. Kh7 Rf6 87. Kg8 1-0

[Event "Olympiad-36"]
[Site "Mallorca"]
[Date "2004.10.24"]
[Round "9"]
[White "Ovalle Burgos, Ramon"]
[Black "Rocha, Sergio MC"]
[Result "1/2-1/2"]
[WhiteElo "2184"]
[BlackElo "2431"]
[PlyCount "133"]
[EventDate "2004.10.15"]
[EventType "team-swiss"]
[EventRounds "14"]
[EventCountry "ESP"]
[SourceTitle "CBM 104"]
[Source "ChessBase"]
[SourceDate "2005.01.27"]
[SourceVersion "1"]
[SourceVersionDate "2005.01.27"]
[SourceQuality "1"]
[WhiteTeam "Puerto Rico"]
[BlackTeam "Portugal"]
[WhiteTeamCountry "PUR"]
[BlackTeamCountry "POR"]

1. d4 g6 2. e4 Bg7 3. Nc3 d5 4. Nxd5 c6 5. Ne3 Qxd4 6. Qxd4 Bxd4 7. Nf3 Bg7 8. Bd3 Nd7 9. Nc4 Nc5 10. Be3 Nxd3+ 11. cxd3 Nf6 12. Na5 0-0 13. h3 Rd8 14. Ke2 Ne8 15. Rac1 Nd6 16. Rc2 f5 17. e5 Nb5 18. Rhc1 h6 19. a4 Nc7 20. h4 Nd5 21. Bd2 Rb8 22. b4 a6 23. Nb3 f4 24. Nbd4 Bg4 25. Ke1 Rf8 26. Rc5 Rbd8 27. b5 axb5 28. axb5 cxb5 29. Rxb5 Rd7 30. Rcb1 b6 31. Rc1 Ra8 32. Nh2 h5 33. Nc6 Kf8 34. Nxg4 hxg4 35. d4 Kf7 36. Nb4 Rad8 37. Nxd5 Rxd5 38. Rxd5 Rxd5 39. Rc4 b5 40. Rb4 Bh6 41. f3 gxf3 42. gxf3 Ke6 43. Ke2 Kf5 44. Bc3 Bf8 45. Rb1 e6 46. Bb4 Bxb4 47. Rxb4 Rd8 48. Kd3 Ra8 49. Rxb5 Ra3+ 50. Ke2 Re3+ 51. Kf2 Rd3 52. Rb4 g5 53. hxg5 Kxg5 54. Ke2 Re3+ 55. Kf2 Ra3 56. Rb6 Ra2+ 57. Ke1 Kh4 58. Rxe6 Kg3 59. d5 Kxf3 60. d6 Ke3 61. Kd1 f3 62. Rf6 Rd2+ 63. Kc1 Rd4 64. Kc2 f2 65. Kc3 Rf4 66. Rxf4 Kxf4 67. d7 1/2-1/2

[Event "PUR-ch"]
[Site "San Juan"]
[Date "1999.??.??"]
[Round "?"]
[White "Guzman, Carlos M"]
[Black "Ovalle Burgos, Ramon"]
[Result "0-1"]
[WhiteElo "2060"]
[BlackElo "2150"]
[PlyCount "82"]
[EventDate "1999.??.??"]
[EventType "tourn"]
[EventRounds "11"]
[EventCountry "PUR"]
[SourceTitle "EXT 2000"]
[Source "ChessBase"]
[SourceDate "1999.11.16"]
[SourceVersion "1"]
[SourceVersionDate "1999.11.16"]
[SourceQuality "1"]

1. d4 Nf6 2. c4 e6 3. Nf3 d5 4. g3 c6 5. Bg2 Be7 6. 0-0 0-0 7. Qc2 Ne4 8. Nbd2 f5 9. e3 Nd7 10. Ne1 Bg5 11. Nd3 Qe8 12. Nf3 Bf6 13. b3 g5 14. Ba3 Rf7 15. Nfe1 g4 16. f3 gxf3 17. Bxf3 Rg7 18. Nf4 Rg5 19. Neg2 Nf8 20. Rac1 Be7 21. Bxe7 Qxe7 22. Nd3 Bd7 23. Ngf4 Be8 24. Qe2 Nd7 25. Nf2 Ndf6 26. N4d3 Bf7 27. Ne5 Kh8 28. Nxe4 dxe4 29. Bg2 Rag8 30. Rf4 Bh5 31. Qf2 Be8 32. Rf1 Rh5 33. Qb2 Qg7 34. R1f2 Rh6 35. Bf1 Bh5 36. Be2 Bxe2 37. Qxe2 Nh5 38. Rh4 Nxg3 39. hxg3 Qxg3+ 40. Rg2 Qxg2+ 41. Qxg2 Rxg2+ 0-1

[Event "PUR-ch"]
[Site "San Juan"]
[Date "1999.??.??"]
[Round "?"]
[White "Ovalle Burgos, Ramon"]
[Black "Santa Torres, Luis A"]
[Result "1/2-1/2"]
[WhiteElo "2150"]
[BlackElo "2295"]
[PlyCount "30"]
[EventDate "1999.??.??"]
[EventType "tourn"]
[EventRounds "11"]
[EventCountry "PUR"]
[SourceTitle "EXT 2000"]
[Source "ChessBase"]
[SourceDate "1999.11.16"]
[SourceVersion "1"]
[SourceVersionDate "1999.11.16"]
[SourceQuality "1"]

1. e4 e6 2. d4 d5 3. Nd2 c5 4. exd5 Qxd5 5. Ngf3 cxd4 6. Bc4 Qd6 7. 0-0 Nf6 8. Nb3 Nc6 9. Nbxd4 Nxd4 10. Qxd4 Bd7 11. Be3 Rc8 12. Ne5 Qxd4 13. Bxd4 Bc5 14. Bxc5 Rxc5 15. Nxd7 Nxd7 1/2-1/2

[Event "PUR-ch"]
[Site "San Juan"]
[Date "1999.??.??"]
[Round "?"]
[White "Sosa Trani, Luis"]
[Black "Ovalle Burgos, Ramon"]
[Result "1/2-1/2"]
[WhiteElo "2300"]
[BlackElo "2150"]
[PlyCount "26"]
[EventDate "1999.??.??"]
[EventType "tourn"]
[EventRounds "11"]
[EventCountry "PUR"]
[SourceTitle "EXT 2000"]
[Source "ChessBase"]
[SourceDate "1999.11.16"]
[SourceVersion "1"]
[SourceVersionDate "1999.11.16"]
[SourceQuality "1"]

1. e4 e5 2. d4 exd4 3. c3 d3 4. Bxd3 Bc5 5. Qe2 Nc6 6. f4 d6 7. Be3 Bxe3 8. Qxe3 Qe7 9. Nd2 Bd7 10. Ngf3 0-0-0 11. 0-0-0 Nh6 12. Rhe1 f6 13. Kb1 Kb8 1/2-1/2